[Event "Stay Safe Play From Home 213"]
[Site "T#646679Emanuel Laske"]
[Date "2020.06.09"]
[Round "3"]
[White "Matanant"]
[Black "Timbre"]
[Result "1-0"]
[WhiteElo "1665"]
[BlackElo "1670"]
[Annotator "NA RC"]
[PlyCount "109"]
[EventDate "2020.06.09"]
[EventType "swiss (blitz)"]

1. e4 {[%emt 0:00:05]} c6 {[%emt 0:00:02]} 2. d4 {[%emt 0:00:02]} d5 {[%emt 0:00:01]} 3. Nd2 {[%emt 0:00:02]} dxe4 {[%emt 0:00:01]} 4. Nxe4 {[%emt 0:00:02]} Bf5 {[%emt 0:00:01]} 5. Ng3 {[%emt 0:00:01]} Bg6 {[%emt 0:00:01]} 6. h4 {[%emt 0:00:00]} h6 {[%emt 0:00:02]} 7. h5 {[%emt 0:00:01]} Bh7 {[%emt 0:00:01]} 8. Nf3 {[%emt 0:00:00]} Nd7 {[%emt 0:00:02]} 9. Bd3 {[%emt 0:00:02]} Bxd3 {[%emt 0:00:02]} 10. Qxd3 {[%emt 0:00:00]} Ngf6 {[%emt 0:00:02]} 11. O-O {[%emt 0:00:00]} e6 {[%emt 0:00:01]} 12. Re1 {[%emt 0:00:01]} Be7 {[%emt 0:00:02]} 13. Bf4 {[%emt 0:00:04]} O-O {[%emt 0:00:02]} 14. Rad1 {[%emt 0:00:06]} Nd5 {[%emt 0:00:02]} 15. Bd2 {[%emt 0:00:07]} Bf6 {[%emt 0:00:04]} 16. c4 {[%emt 0:00:02]} N5b6 {[%emt 0:00:05]} 17. b3 {[%emt 0:00:06]} Re8 {[%emt 0:00:12]} 18. Ne4 {[%emt 0:00:01]} Nc8 {[%emt 0:00:03]} 19. Nxf6+ {[%emt 0:00:04]} Nxf6 {[%emt 0:00:02]} 20. Ne5 {[%emt 0:00:10]} Nxh5 {[%emt 0:00:08]} 21. Qh3 {[%emt 0:00:03]} Nf6 {[%emt 0:00:10]} 22. Bxh6 {[%emt 0:00:03]} gxh6 {[%emt 0:00:05]} 23. Qxh6 {[%emt 0:00:02]} Nh7 {[%emt 0:00:05]} 24. Re3 {[%emt 0:00:08]} Qf6 {[%emt 0:00:06]} 25. Rg3+ {[%emt 0:00:03]} Kh8 {[%emt 0:00:02]} 26. Qh2 {[%emt 0:00:10]} Ne7 {[%emt 0:00:03]} 27. Rh3 {[%emt 0:00:09]} Qg7 {[%emt 0:00:06]} 28. Rdd3 {[%emt 0:00:05]} Ng6 {[%emt 0:00:10]} 29. Rxh7+ {[%emt 0:00:17]} Qxh7 {[%emt 0:00:04]} 30. Rh3 {[%emt 0:00:01]} Qxh3 {[%emt 0:00:02]} 31. Qxh3+ {[%emt 0:00:02]} Kg7 {[%emt 0:00:02]} 32. Qg3 {[%emt 0:00:09]} Rh8 {[%emt 0:00:04]} 33. f4 {[%emt 0:00:18]} Rh7 {[%emt 0:00:06]} 34. Kf2 {[%emt 0:00:05]} Rah8 {[%emt 0:00:03]} 35. d5 {[%emt 0:00:12]} cxd5 {[%emt 0:00:03]} 36. cxd5 {[%emt 0:00:02]} exd5 {[%emt 0:00:02]} 37. f5 {[%emt 0:00:02]} Rh5 {[%emt 0:00:07]} 38. Nxg6 {[%emt 0:00:11]} Rxf5+ {[%emt 0:00:05]} 39. Nf4+ {[%emt 0:00:01]} Kf8 {[%emt 0:00:11]} 40. Qg4 {[%emt 0:00:09]} Rf6 {[%emt 0:00:04]} 41. Ke3 {[%emt 0:00:11]} Rg8 {[%emt 0:00:06]} 42. Qc8+ {[%emt 0:00:08]} Kg7 {[%emt 0:00:04]} 43. Qg4+ {[%emt 0:00:15]} Kf8 {[%emt 0:00:02]} 44. Qh4 {[%emt 0:00:06]} Rf5 {[%emt 0:00:09]} 45. Qh6+ {[%emt 0:00:11]} Ke7 {[%emt 0:00:06]} 46. Qh4+ {[%emt 0:00:25]} Kf8 {[%emt 0:00:02]} 47. g4 {[%emt 0:00:04]} Re5+ {[%emt 0:00:03]} 48. Kf3 {[%emt 0:00:01]} Re4 {[%emt 0:00:07]} 49. Qd8+ {[%emt 0:00:02]} Kg7 {[%emt 0:00:04]} 50. Nh5+ {[%emt 0:00:01]} Kh8 {[%emt 0:00:05]} 51. Qxd5 {[%emt 0:00:01]} Ree8 {[%emt 0:00:03]} 52. Qd4+ {[%emt 0:00:01]} Kh7 {[%emt 0:00:02]} 53. Nf6+ {[%emt 0:00:01]} Kg6 {[%emt 0:00:02]} 54. Nxe8 {[%emt 0:00:01]} Rxe8 {[%emt 0:00:02]} 55. Qxa7 {[%emt 0:00:00] Timbre resigns (Lag: Av=0.76s, max=1.4s)} 1-0

[Event "Stay Safe Play From Home 213"]
[Site "T#646679Emanuel Laske"]
[Date "2020.06.09"]
[Round "4"]
[White "little champs"]
[Black "Matanant"]
[Result "1-0"]
[WhiteElo "2112"]
[BlackElo "1683"]
[Annotator "TA"]
[PlyCount "115"]
[EventDate "2020.06.09"]
[EventType "swiss (blitz)"]

{[%evp 15,115,18,24,-10,38,-26,22,30,58,1,59,39,30,35,231,233,223,225,202,180,194,0,-12,-59,-39,-50,-22,-47,56,48,57,54,416,0,342,253,251,0,37,-64,-64,-104,274,-39,-7,-56,0,0,0,0,97,90,1495,1233,1181,1165,29987,29988,29988,29988,29989,-91,-84,-91,-83,-81,0,-85,0,0,0,0,0,0,183,140,748,741,685,659,5297,5293,2667,2631,2348,2177,1790,1559,5277,3459,29984,29985,29988,29989,29993,29994,29996,29997,29999,29998,29998,29999]} 1. Nf3 Nf6 2. g3 d5 3. Bg2 e6 4. O-O Bd6 5. c4 c6 6. Nc3 O-O 7. cxd5 exd5 8. d3 Bg4 9. h3 {A11: English Opening: 1...c6.} Bf5 {[#]} (9... Bxf3 $5 10. Bxf3 Nbd7 $11) 10. Qb3 $146 (10. e4 $14 dxe4 11. Nh4) ({Predecessor:} 10. Nh4 Be6 11. e4 Nbd7 12. f4 dxe4 13. dxe4 Bc5+ 14. Kh2 Bc4 15. Rf3 Re8 16. b3 Ba6 {1-0 (33) Danielsen,H (2524)-Palm,N (2307) Copenhagen 2012}) 10... Qc8 11. g4 {The position is equal.} Bd7 12. Bg5 (12. e4 $14) 12... Ne8 ({Black should play} 12... h5 $11) 13. Rac1 Nc7 14. e4 {[%cal Re4d5]} dxe4 $2 ({Better is} 14... Be6 $14 15. Qc2 h5) 15. Nxe4 $18 Ne8 16. Nxd6 Nxd6 17. Be7 {[%mdl 64] Double Attack} Be6 18. Qa3 $2 (18. Qa4 $18 Rd8 19. Bxd8 Qxd8 20. Nd4) 18... Nb5 $11 19. Qb4 Re8 (19... Na6 $5 {[%cal Ra6b4]} 20. Qd2 Re8 $11) 20. a4 Nc7 {Hoping for ...Nd5.} 21. Nd4 Nd5 (21... Qd7 $15 22. Nxe6 Nxe6) 22. Bxd5 $1 $14 Bxd5 23. Nf5 $1 Qd7 $2 {[%mdl 8192]} (23... Be6 $1 $14) 24. Bh4 $2 (24. Qc3 $18 {[%csl Gf5][%cal Rc3g7]} f6 25. Bxf6 $1 {[%mdl 512]}) 24... Na6 $2 {[%mdl 8192]} (24... f6 $11) 25. Qd4 {[%csl Gf5][%cal Rd4g7]} f6 {[#]} 26. Rfe1 $2 $40 {[%mdl 128] White attacks.} ({White has to play} 26. Bxf6 $1 $18 {[%mdl 512]} c5 (26... gxf6 27. Qxf6) 27. Qc3) 26... Nc7 27. b4 (27. Bxf6 $1 $14 Ne6 28. Rxe6 Rxe6 29. Bxg7) 27... Ne6 $15 28. Qc3 {[#]} Nf8 $2 {[%mdl 8192]} ({Of course not} 28... Nf4 $6 29. Bxf6 $1 {[%mdl 512]} Rxe1+ 30. Rxe1 $14) (28... h5 $1 $17 {[%mdl 512] keeps the pressure on.}) 29. Bg3 $2 (29. Bxf6 $1 $18 Ne6 30. Re3) 29... Ng6 30. Rcd1 {[#]} Ne7 (30... h5 $1 $15 {[%mdl 512]}) 31. Nd6 $11 Red8 32. Re3 Nc8 (32... Bf7 $1 $11 {keeps the balance.}) 33. Nf5 $1 $16 g6 $2 {[%mdl 8192]} (33... Rf8 $16) 34. Qxf6 {[%cal Rf5h6]} gxf5 35. Be5 f4 36. Qh8+ Kf7 37. Qxh7+ Ke8 38. Bf6+ $2 (38. Bxf4+ {mates} Be6 39. Qg8+ Ke7 40. Rxe6+ $1 {[%mdl 512]} Qxe6 41. Bg5+ {[%mdl 64] Skewer} Kd6 42. Qxd8+ Qd7 43. Bf4+ Ke6 44. Re1+ Kf7 45. Qxd7+ Ne7 46. Rxe7+ Kg8 47. Qe6+ Kh8 48. Be5#) 38... fxe3 $17 39. Qh8+ Kf7 40. Bxd8 exf2+ 41. Kxf2 {[#]} Nd6 ({Black should try} 41... Ne7 $1 $17 42. Qh7+ Kf8 43. Bxe7+ Qxe7 44. Qh8+ Bg8) 42. Qf6+ Kg8 43. Qg6+ Qg7 44. Qxd6 {Black must now prevent Kg3.} Qf7+ $2 (44... Qd4+ $1 $11 45. Kg3 Qe3+ 46. Kh4 Qf2+ 47. Kh5 Bf7+ 48. Kg5 Qe3+ 49. Kh4 Qf2+ 50. Kg5 Qe3+ 51. Kh4 Qf2+ 52. Kg5) 45. Kg1 {Re1 is the strong threat.} Qf3 $2 {[%mdl 8192]} (45... Qe6 $16 46. Qxe6+ Bxe6) 46. Qg6+ $18 Kf8 {[#]} 47. Rf1 $1 Rxd8 48. Rxf3+ Bxf3 {[%mdl 4096] Endgame KQ-KRB} 49. Qf6+ Ke8 50. Qxf3 {KQ-KR} Rd5 51. Qe4+ Kd7 52. h4 Kd6 53. g5 {White mates.} b6 54. g6 c5 55. g7 cxb4 56. g8=Q Rc5 57. Qf8+ Kc7 58. Qfe7+ {Accuracy: White = 51%, Black = 24%.} 1-0

[Event "Stay Safe Play From Home 213"]
[Site "T#646679Emanuel Laske"]
[Date "2020.06.09"]
[Round "4"]
[White "Lazieri3"]
[Black "Buzaglo"]
[Result "1-0"]
[WhiteElo "1978"]
[BlackElo "1810"]
[Annotator "TA"]
[PlyCount "141"]
[EventDate "2020.06.09"]
[EventType "swiss (blitz)"]

{[%evp 16,141,22,10,8,7,60,60,58,61,108,30,35,18,64,23,28,-32,-24,-54,-57,-452,-27,-31,-31,-33,0,-9,0,-24,0,-55,-60,-72,-39,-43,0,-97,-85,-168,-19,-37,-21,-706,-678,-682,-683,-555,-6,-6,-6,-3,-3,-7,-9,-56,-56,-56,-56,-62,-22,-64,-39,-81,-68,-63,-31,-26,0,-7,0,-6,0,0,0,0,0,0,0,0,0,0,0,0,0,0,59,60,68,60,144,144,128,102,108,77,108,108,1225,1210,1174,1075,826,643,2581,4142,5081,3759,29970,29968,29970,29970,29977,29980,29980,29979,29974,29978,29984,29985,29984,29985,29988,29989,29989,29989,29991,29992]} 1. e4 e5 2. Nc3 Nc6 3. Nf3 d6 4. d4 exd4 5. Nxd4 Nxd4 6. Qxd4 Nf6 7. Bg5 Be7 8. Bd3 O-O 9. O-O h6 {C45: Scotch Game.} 10. Bh4 {[#]} Nh5 $146 (10... Re8 $11) ({Predecessor:} 10... Be6 11. Rfe1 c6 12. e5 dxe5 13. Qxe5 Rc8 14. Rad1 Bd6 15. Bh7+ Kxh7 16. Rxd6 Qe7 {0-1 (54) Petculescu,D (1039)-Varga,S (1096) Calimanesti Caciulata 2016}) 11. Bxe7 $14 Qxe7 {White is slightly better.} 12. f4 c5 13. Nd5 (13. Qe3 $1 $16) 13... Qd8 $1 $11 14. Qe3 Nf6 15. c4 Nxd5 16. exd5 (16. cxd5 $11 f5 17. e5) 16... Re8 $15 17. Qf3 Qf6 $36 {[%mdl 2048] And now ...Qd4+ would win. Black has good play.} 18. b3 $2 {[%mdl 8192]} (18. Rfe1 $15 Qd4+ 19. Kh1) 18... Bf5 $2 (18... Qd4+ $19 19. Kh1 Re3 {[%mdl 64] Double Attack}) 19. Bxf5 $11 Qxf5 20. Rae1 Qc2 21. Qf2 Qd3 22. g3 a5 {[%cal Ba7a5,Ba5a4][%mdl 32]} 23. Kg2 (23. Rxe8+ $11 Rxe8 24. Re1 Rxe1+ 25. Qxe1) 23... a4 $15 24. Rd1 Qc3 25. Rc1 Qd3 26. Rfd1 (26. Rcd1 $11 {keeps the balance.} Qc3 27. Qd2 Qxd2+ 28. Rxd2) 26... Qe4+ $17 27. Qf3 (27. Kg1 $17 {might work better.}) 27... Qf5 ({Black should try} 27... Qe2+ $19 28. Qxe2 Rxe2+ 29. Kh3 Rxa2 30. bxa4 R8xa4) 28. Re1 $11 axb3 29. axb3 $2 {[%mdl 8192]} (29. Qxb3 $11 Re4 30. Qb1 Rxe1 31. Rxe1 Qxb1 32. Rxb1) 29... Ra2+ $19 30. Kg1 {[#]} Rxe1+ $1 31. Rxe1 {[%mdl 4096] Endgame KQR-KQR} Qc2 $2 ({Better is} 31... Qh3 $19 32. Re8+ Kh7 33. Qd3+ f5) 32. Re8+ $11 Kh7 33. Qe4+ Qxe4 34. Rxe4 {KR-KR} Rb2 35. Re3 Kg6 36. g4 Kf6 37. h3 b6 38. Kf1 g6 39. Kg1 h5 40. Kf1 hxg4 41. hxg4 Rb1+ 42. Kf2 Rb2+ 43. Kf3 Rb1 44. Ke4 Rg1 45. g5+ Kg7 46. Rf3 Re1+ 47. Re3 Rb1 48. Rf3 Re1+ 49. Kd3 Rb1 50. Kc2 Re1 (50... Rg1 $11) 51. f5 $1 $14 gxf5 52. Rxf5 Kg6 ({Black should play} 52... Rg1 $14) 53. Rf6+ $16 {[%mdl 64] Double Attack} Kxg5 54. Rxf7 {Black must now prevent Rd7.} Re2+ 55. Kd3 Rb2 56. Kc3 Re2 $2 {[%mdl 8192] [#]} (56... Rh2 $16 57. Rd7 Rh6) 57. Rd7 $1 $18 {[%cal Rd7d6]} Re3+ 58. Kb2 Re2+ 59. Ka3 b5 60. cxb5 Re3 61. Ka4 Re1 62. b6 {White mates.} Ra1+ 63. Kb5 Rb1 64. Rxd6 Rxb3+ 65. Kxc5 Kf5 66. Re6 Rc3+ 67. Kd6 Rb3 68. Kc7 Rc3+ 69. Rc6 Rd3 70. b7 Rxd5 71. b8=Q {Both players deserved the win here. Accuracy: White = 63%, Black = 49%.} 1-0

[Event "Stay Safe Play From Home 213"]
[Site "T#646679Emanuel Laske"]
[Date "2020.06.09"]
[Round "4"]
[White "Haris kollari 13"]
[Black "Edmatuag"]
[Result "1/2-1/2"]
[WhiteElo "1974"]
[BlackElo "1761"]
[Annotator "NA RC"]
[PlyCount "146"]
[EventDate "2020.06.09"]
[EventType "swiss (blitz)"]

1. e4 {[%emt 0:00:01]} c5 {[%emt 0:00:02]} 2. Nf3 {[%emt 0:00:01]} d6 {[%emt 0:00:01]} 3. d4 {[%emt 0:00:01]} cxd4 {[%emt 0:00:00]} 4. Nxd4 {[%emt 0:00:00]} Nf6 {[%emt 0:00:01]} 5. Nc3 {[%emt 0:00:01]} a6 {[%emt 0:00:01]} 6. f4 {[%emt 0:00:01]} e6 {[%emt 0:00:02]} 7. Be3 {[%emt 0:00:01]} b5 {[%emt 0:00:02]} 8. Qf3 {[%emt 0:00:02]} Bb7 {[%emt 0:00:02]} 9. Bd3 {[%emt 0:00:01]} b4 {[%emt 0:00:02]} 10. Nce2 {[%emt 0:00:02]} Nbd7 {[%emt 0:00:06]} 11. g4 {[%emt 0:00:03]} Nc5 {[%emt 0:00:06]} 12. Ng3 {[%emt 0:00:01]} d5 {[%emt 0:00:05]} 13. e5 {[%emt 0:00:02]} Nfe4 {[%emt 0:00:01]} 14. Rf1 {[%emt 0:00:21]} Qh4 {[%emt 0:00:08]} 15. O-O-O {[%emt 0:00:27]} Nxd3+ {[%emt 0:00:18]} 16. cxd3 {[%emt 0:00:04]} Nc5 {[%emt 0:00:06]} 17. Kb1 {[%emt 0:00:06]} Qd8 {[%emt 0:00:06]} 18. f5 {[%emt 0:00:01]} Be7 {[%emt 0:00:04]} 19. fxe6 {[%emt 0:00:03]} fxe6 {[%emt 0:00:06]} 20. Qf7+ {[%emt 0:00:04]} Kd7 {[%emt 0:00:01]} 21. Qxg7 {[%emt 0:00:07]} Qg8 {[%emt 0:00:10]} 22. Qxg8 {[%emt 0:00:04]} Rhxg8 {[%emt 0:00:05]} 23. h3 {[%emt 0:00:00]} Raf8 {[%emt 0:00:03]} 24. Nf3 {[%emt 0:00:09]} d4 {[%emt 0:00:17]} 25. Nxd4 {[%emt 0:00:04]} Rxf1 {[%emt 0:00:04]} 26. Nxf1 {[%emt 0:00:01]} Bg2 {[%emt 0:00:07]} 27. Nb3 {[%emt 0:00:14]} Nxb3 {[%emt 0:00:06]} 28. axb3 {[%emt 0:00:02]} Bxh3 {[%emt 0:00:01]} 29. Ng3 {[%emt 0:00:13]} Bxg4 {[%emt 0:00:06]} 30. Re1 {[%emt 0:00:09]} Bh4 {[%emt 0:00:05]} 31. Bf2 {[%emt 0:00:01]} Bxg3 {[%emt 0:00:02]} 32. Bxg3 {[%emt 0:00:02]} Bf5 {[%emt 0:00:00]} 33. Re3 {[%emt 0:00:07]} Rg4 {[%emt 0:00:02]} 34. Kc2 {[%emt 0:00:02]} h5 {[%emt 0:00:02]} 35. Be1 {[%emt 0:00:04]} h4 {[%emt 0:00:02]} 36. Kd1 {[%emt 0:00:05]} Rg1 {[%emt 0:00:15]} 37. Ke2 {[%emt 0:00:02]} h3 {[%emt 0:00:04]} 38. Bg3 {[%emt 0:00:17]} Rg2+ {[%emt 0:00:07]} 39. Kf1 {[%emt 0:00:15]} Rxb2 {[%emt 0:00:05]} 40. Kg1 {[%emt 0:00:07]} Rxb3 {[%emt 0:00:05]} 41. Be1 {[%emt 0:00:02]} a5 {[%emt 0:00:03]} 42. Kh2 {[%emt 0:00:03]} Rxd3 {[%emt 0:00:05]} 43. Re2 {[%emt 0:00:04]} Rd4 {[%emt 0:00:13]} 44. Ra2 {[%emt 0:00:04]} Rd5 {[%emt 0:00:09]} 45. Bg3 {[%emt 0:00:06]} Kc6 {[%emt 0:00:01]} 46. Kg1 {[%emt 0:00:03]} Kb5 {[%emt 0:00:02]} 47. Kf2 {[%emt 0:00:01]} a4 {[%emt 0:00:01]} 48. Ke3 {[%emt 0:00:01]} b3 {[%emt 0:00:02]} 49. Ra1 {[%emt 0:00:04]} Rd3+ {[%emt 0:00:04]} 50. Kf4 {[%emt 0:00:02]} Rxg3 {[%emt 0:00:00]} 51. Kxg3 {[%emt 0:00:01]} Kb4 {[%emt 0:00:00]} 52. Rf1 {[%emt 0:00:02]} a3 {[%emt 0:00:01]} 53. Rxf5 {[%emt 0:00:01]} exf5 {[%emt 0:00:03]} 54. e6 {[%emt 0:00:01]} b2 {[%emt 0:00:09]} 55. e7 {[%emt 0:00:00]} b1=Q {[%emt 0:00:01]} 56. e8=Q {[%emt 0:00:00]} Qd3+ {[%emt 0:00:03]} 57. Kh2 {[%emt 0:00:04]} a2 {[%emt 0:00:07]} 58. Qb8+ {[%emt 0:00:06]} Kc3 {[%emt 0:00:03]} 59. Qe5+ {[%emt 0:00:03]} Kc2 {[%emt 0:00:06]} 60. Qc5+ {[%emt 0:00:07]} Kd1 {[%emt 0:00:02]} 61. Qg1+ {[%emt 0:00:03]} Kd2 {[%emt 0:00:03]} 62. Qg5+ {[%emt 0:00:01]} Qe3 {[%emt 0:00:05]} 63. Qd8+ {[%emt 0:00:02]} Ke2 {[%emt 0:00:04]} 64. Qa5 {[%emt 0:00:08]} Qd2 {[%emt 0:00:12]} 65. Qa6+ {[%emt 0:00:05]} Kd1+ {[%emt 0:00:08]} 66. Kxh3 {[%emt 0:00:06]} Qc3+ {[%emt 0:00:01]} 67. Kg2 {[%emt 0:00:12]} a1=Q {[%emt 0:00:00]} 68. Qf1+ {[%emt 0:00:02]} Kc2 {[%emt 0:00:04]} 69. Qxf5+ {[%emt 0:00:01]} Kb2 {[%emt 0:00:04]} 70. Qb5+ {[%emt 0:00:02]} Qb3 {[%emt 0:00:01]} 71. Qe5+ {[%emt 0:00:02]} Ka3 {[%emt 0:00:05]} 72. Qxa1+ {[%emt 0:00:02]} Qa2+ {[%emt 0:00:02]} 73. Qxa2+ {[%emt 0:00:01]} Kxa2 {[%emt 0:00:00] (Lag: Av=0.42s, max=1.0s)} 1/2-1/2

[Event "Stay Safe Play From Home 213"]
[Site "T#646679Emanuel Laske"]
[Date "2020.06.09"]
[Round "4"]
[White "EnigmaG"]
[Black "Timbre"]
[Result "0-1"]
[WhiteElo "1489"]
[BlackElo "1653"]
[Annotator "NA RC"]
[PlyCount "52"]
[EventDate "2020.06.09"]
[EventType "swiss (blitz)"]

1. e4 {[%emt 0:00:02]} c6 {[%emt 0:00:02]} 2. d4 {[%emt 0:00:04]} d5 {[%emt 0:00:01]} 3. Nc3 {[%emt 0:00:15]} dxe4 {[%emt 0:00:02]} 4. Nxe4 {[%emt 0:00:00]} Bf5 {[%emt 0:00:01]} 5. Ng3 {[%emt 0:00:16]} Bg6 {[%emt 0:00:01]} 6. Nf3 {[%emt 0:00:03]} Nd7 {[%emt 0:00:02]} 7. Bc4 {[%emt 0:00:02]} e6 {[%emt 0:00:02]} 8. O-O {[%emt 0:00:01]} Ngf6 {[%emt 0:00:01]} 9. Bf4 {[%emt 0:00:01]} Be7 {[%emt 0:00:01]} 10. Bd3 {[%emt 0:00:11]} O-O {[%emt 0:00:02]} 11. Bxg6 {[%emt 0:00:07]} hxg6 {[%emt 0:00:02]} 12. Ne5 {[%emt 0:00:07]} Nxe5 {[%emt 0:00:03]} 13. dxe5 {[%emt 0:00:00]} Nd5 {[%emt 0:00:02]} 14. Qd2 {[%emt 0:00:14]} Qc7 {[%emt 0:00:03]} 15. c4 {[%emt 0:00:11]} Nxf4 {[%emt 0:00:02]} 16. Qxf4 {[%emt 0:00:01]} Rad8 {[%emt 0:00:02]} 17. Rad1 {[%emt 0:00:04]} Rxd1 {[%emt 0:00:03]} 18. Rxd1 {[%emt 0:00:00]} Rd8 {[%emt 0:00:01]} 19. Rd2 {[%emt 0:00:10]} Rxd2 {[%emt 0:00:03]} 20. Qxd2 {[%emt 0:00:00]} Qxe5 {[%emt 0:00:01]} 21. h3 {[%emt 0:00:13]} Bd6 {[%emt 0:00:04]} 22. b4 {[%emt 0:00:05]} Be7 {[%emt 0:00:12]} 23. c5 {[%emt 0:00:03]} Bh4 {[%emt 0:00:08]} 24. Ne2 {[%emt 0:00:14]} Qa1+ {[%emt 0:00:10]} 25. Kh2 {[%emt 0:00:02]} Bxf2 {[%emt 0:00:07]} 26. Nf4 {[%emt 0:00:26]} Qg1# {[%emt 0:00:08] (Lag: Av=1.01s, max=1.6s)} 0-1

[Event "Stay Safe Play From Home 213"]
[Site "T#646679Emanuel Laske"]
[Date "2020.06.09"]
[Round "5"]
[White "Buzaglo"]
[Black "Edmatuag"]
[Result "0-1"]
[WhiteElo "1800"]
[BlackElo "1770"]
[Annotator "NA RC"]
[PlyCount "102"]
[EventDate "2020.06.09"]
[EventType "swiss (blitz)"]

1. d4 {[%emt 0:00:02]} d5 {[%emt 0:00:01]} 2. Nf3 {[%emt 0:00:01]} Nf6 {[%emt 0:00:01]} 3. g3 {[%emt 0:00:01]} c6 {[%emt 0:00:03]} 4. Bg2 {[%emt 0:00:01]} Bf5 {[%emt 0:00:01]} 5. O-O {[%emt 0:00:01]} Nbd7 {[%emt 0:00:02]} 6. Nbd2 {[%emt 0:00:01]} h6 {[%emt 0:00:01]} 7. c4 {[%emt 0:00:01]} e6 {[%emt 0:00:02]} 8. b3 {[%emt 0:00:03]} Be7 {[%emt 0:00:02]} 9. a4 {[%emt 0:00:01]} O-O {[%emt 0:00:03]} 10. c5 {[%emt 0:00:02]} Qa5 {[%emt 0:00:14]} 11. Nh4 {[%emt 0:00:04]} Bh7 {[%emt 0:00:05]} 12. f4 {[%emt 0:00:03]} b6 {[%emt 0:00:06]} 13. cxb6 {[%emt 0:00:04]} Qxb6 {[%emt 0:00:07]} 14. Nhf3 {[%emt 0:00:06]} c5 {[%emt 0:00:03]} 15. dxc5 {[%emt 0:00:08]} Bxc5+ {[%emt 0:00:03]} 16. Kh1 {[%emt 0:00:01]} Ng4 {[%emt 0:00:03]} 17. Qe1 {[%emt 0:00:15]} Nf2+ {[%emt 0:00:04]} 18. Rxf2 {[%emt 0:00:04]} Bxf2 {[%emt 0:00:00]} 19. Qd1 {[%emt 0:00:02]} Be3 {[%emt 0:00:07]} 20. Bb2 {[%emt 0:00:03]} Rfc8 {[%emt 0:00:17]} 21. Nf1 {[%emt 0:00:08]} Bc5 {[%emt 0:00:10]} 22. Rc1 {[%emt 0:00:16]} Be3 {[%emt 0:00:13]} 23. Rxc8+ {[%emt 0:00:36]} Rxc8 {[%emt 0:00:03]} 24. Nxe3 {[%emt 0:00:08]} Qxe3 {[%emt 0:00:00]} 25. Nd4 {[%emt 0:00:25]} Be4 {[%emt 0:00:18]} 26. Qf1 {[%emt 0:00:11]} Rc2 {[%emt 0:00:11]} 27. Nxc2 {[%emt 0:00:03]} Bxc2 {[%emt 0:00:04]} 28. b4 {[%emt 0:00:29]} Bxa4 {[%emt 0:00:11]} 29. Qa1 {[%emt 0:00:03]} Qb3 {[%emt 0:00:19]} 30. Bxg7 {[%emt 0:00:04]} Qd1+ {[%emt 0:00:01]} 31. Qxd1 {[%emt 0:00:05]} Bxd1 {[%emt 0:00:01]} 32. Bxh6 {[%emt 0:00:01]} Bxe2 {[%emt 0:00:02]} 33. Bg5 {[%emt 0:00:05]} f6 {[%emt 0:00:07]} 34. Bh4 {[%emt 0:00:05]} d4 {[%emt 0:00:14]} 35. Kg1 {[%emt 0:00:05]} Kf7 {[%emt 0:00:09]} 36. Kf2 {[%emt 0:00:01]} Bg4 {[%emt 0:00:08]} 37. h3 {[%emt 0:00:02]} Bd1 {[%emt 0:00:01]} 38. Ke1 {[%emt 0:00:07]} Bb3 {[%emt 0:00:03]} 39. Ke2 {[%emt 0:00:01]} Bc4+ {[%emt 0:00:02]} 40. Kd2 {[%emt 0:00:01]} Nb6 {[%emt 0:00:06]} 41. Bc6 {[%emt 0:00:07]} e5 {[%emt 0:00:03]} 42. fxe5 {[%emt 0:00:02]} fxe5 {[%emt 0:00:00]} 43. g4 {[%emt 0:00:01]} Ke6 {[%emt 0:00:02]} 44. g5 {[%emt 0:00:01]} Nd5 {[%emt 0:00:04]} 45. g6 {[%emt 0:00:05]} e4 {[%emt 0:00:04]} 46. g7 {[%emt 0:00:01]} Kf7 {[%emt 0:00:02]} 47. b5 {[%emt 0:00:09]} e3+ {[%emt 0:00:04]} 48. Ke1 {[%emt 0:00:04]} d3 {[%emt 0:00:05]} 49. Bg5 {[%emt 0:00:03]} d2+ {[%emt 0:00:03]} 50. Kd1 {[%emt 0:00:02]} Bb3+ {[%emt 0:00:01]} 51. Ke2 {[%emt 0:00:01]} d1=Q# {[%emt 0:00:01] (Lag: Av=0.74s, max=1.6s)} 0-1

[Event "Stay Safe Play From Home 213"]
[Site "T#646679Emanuel Laske"]
[Date "2020.06.09"]
[Round "5"]
[White "Matanant"]
[Black "Lazieri3"]
[Result "1-0"]
[WhiteElo "1680"]
[BlackElo "1987"]
[Annotator "TA"]
[PlyCount "113"]
[EventDate "2020.06.09"]
[EventType "swiss (blitz)"]

{[%evp 9,113,0,0,-2,2,0,9,10,8,-1,20,0,13,0,0,-14,0,0,1,0,2,0,4,-10,-10,-19,-20,-22,-16,-155,-162,-167,-131,-145,-135,-173,-179,-187,-185,-165,-174,-218,-150,-160,-149,-148,-147,-216,-154,-177,-184,-200,-198,-191,0,-184,-183,-187,-159,-164,-140,-166,-133,-137,-113,-119,-49,-44,0,0,0,-62,-48,-44,-54,-89,-34,-76,-18,-275,-255,-273,-29,-277,-242,-262,0,0,1116,1148,2265,2196,29978,29979,29984,29981,29981,29982,29989,29990,29990,29991,29991,29992,29992,29993]} 1. b3 c6 2. Bb2 d5 3. e3 Nf6 4. f4 Bg4 5. Nf3 e6 6. Be2 {A03: Bird's Opening with 1...d5.} Bd6 7. O-O Qe7 8. Ne5 {The position is equal.} Bxe2 9. Qxe2 Nbd7 10. d3 O-O 11. Nd2 {[#]} Ba3 $146 ({Predecessor:} 11... Bc7) 12. Bc3 Bb4 13. Bxb4 Qxb4 14. Ndf3 Nxe5 15. Nxe5 Rad8 16. g4 Nd7 17. Nf3 f6 18. h4 e5 19. f5 (19. Qd2 $11 Qe7 20. Rae1) 19... Qxg4+ $17 {[%mdl 64] Double Attack} 20. Qg2 Qxg2+ ({Don't play} 20... Qxf5 $6 21. Ng5 $15) 21. Kxg2 Kf7 22. b4 Rfe8 23. e4 dxe4 24. dxe4 Nb6 25. Rad1 Nc4 26. Kf2 g6 27. fxg6+ hxg6 28. Ke2 (28. Rd3 $17) 28... Ke6 29. Rxd8 Rxd8 {[%mdl 4096] Endgame KRN-KRN} 30. Rg1 Kf7 31. Rf1 Ke6 32. Rg1 Nd6 33. Ke3 Rg8 34. Kd3 Nb5 35. c3 Na3 36. c4 b5 37. c5 Nc4 (37... Kf7 $17 38. Kc3 Rd8) 38. Kc3 $15 Ne3 39. Kd3 Nc4 40. Kc3 Rg7 41. a4 a6 42. a5 Kf7 (42... Rg8 $17) 43. Rf1 f5 (43... Rg8 $17) 44. exf5 $2 {[%mdl 8192]} (44. Ng5+ $1 $11 Kf6 45. exf5 gxf5 46. Ne4+ Ke7 47. Rxf5) 44... gxf5 $19 45. Ng5+ {[#]} Kf6 $2 (45... Kg6 $1 $19 {And now ...Ne3 would win.} 46. Ne6 Rf7 47. Rg1+ Kh5) 46. Rd1 $2 (46. Ne4+ $1 $11 Ke7 47. Rxf5) 46... e4 47. Rd8 Ke5 $2 (47... Re7 $19 {Hoping for ...e3.} 48. Rc8 Ke5) 48. Re8+ $11 Kf4 $2 {[%mdl 8192]} (48... Kd5 $11) 49. Ne6+ $18 {[%mdl 64] Double Attack} Kf3 50. Nxg7 e3 51. Nxf5 {White mates.} e2 52. h5 Kf4 53. Nd4 {[%mdl 64] Double Attack} Ne3 54. Nxe2+ Kf3 {[#]} 55. Rxe3+ $1 Kxe3 56. h6 Kxe2 57. h7 {Both players deserved the win here. Accuracy: White = 67%, Black = 62%.} 1-0